Largest 5 Letter City A-Z - Statistics

General Stats
  • This quiz has been taken 104 times
  • The average score is 15 of 26
Answer Stats
Country Letter Place Population % Correct
Egypt C Cairo 9.5m
95%
South Korea S Seoul 10.0m
93%
India D Delhi 16.3m
92%
Nigeria L Lagos 13.7m
92%
France P Paris 2.1m
92%
Ecuador Q Quito 1.9m
92%
Afghanistan K Kabul 4.2m
91%
Morocco R Rabat 578k
91%
Japan T Tokyo 13.9m
91%
Italy M Milan 1.4m
90%
Japan O Osaka 2.6m
90%
Nigeria A Abuja 2.9m
83%
China W Wuhan 8.7m
79%
South Korea B Busan 3.3m
77%
Turkey I Izmir 2.9m
69%
Bulgaria V Varna 336k
46%
Iraq E Erbil 879k
43%
China J Jinan 3.6m
36%
China H Hefei 3.1m
30%
South Korea U Ulsan 963k
21%
Iraq N Najaf 1.3m
11%
China F Fuxin 670k
5%
China Y Yibin 595k
5%
Turkey G Gebze 304k
2%
China Z Zunyi 1.1m
2%
China X Xinyu 839k
1%
No matching quizzes found
Score Distribution
Percent of People with Each Score
Percentile by Number Answered
Your Score History
You have not taken this quiz